Asian Capitals - Map Quiz - Statistics

General Stats
  • This quiz has been taken 61,535 times
  • The average score is 33 of 48
Answers on the Map
Answers color-coded by a green-red scale on the quiz's map according to % correct below.
 
Answer Stats
Answer % Correct
Beijing
94%
Tokyo
93%
Seoul
92%
New Delhi
91%
Pyongyang
90%
Taipei
87%
Bangkok
83%
Ulaanbaatar
82%
Singapore
81%
Ankara
80%
Manila
80%
Hanoi
79%
Jakarta
78%
Kathmandu
76%
Sri Jayaward-
enepura Kotte
75%
Abu Dhabi
74%
Islamabad
74%
Jerusalem
74%
Kuwait City
74%
Tehran
74%
Kabul
72%
Kuala Lumpur
72%
Riyadh
72%
Baghdad
70%
Dhaka
70%
Phnom Penh
69%
Nicosia
68%
Beirut
62%
Tbilisi
62%
Damascus
61%
Malé
61%
Astana
60%
Baku
60%
Doha
59%
Muscat
59%
Amman
57%
Sana'a
57%
Vientiane
57%
Naypyidaw
55%
Dili
54%
Thimphu
54%
Bandar Seri
Begawan
53%
Yerevan
52%
Bishkek
44%
Manama
44%
Tashkent
44%
Ashgabat
43%
Dushanbe
35%
No matching quizzes found
Score Distribution
Percent of People with Each Score
Percentile by Number Answered
Your Score History
You have not taken this quiz